[Event "Pelotas Gaucho op"]
[Site "Pelotas"]
[Date "2023.10.14"]
[Round "5"]
[White "Dos Santos, Guilherme Fortes"]
[Black "Finken Heinle, Andre Roberto"]
[Result "1/2-1/2"]
[WhiteElo "1707"]
[BlackElo "1800"]
[PlyCount "34"]
[EventDate "2023.10.12"]
[EventType "swiss"]
[EventRounds "7"]
[EventCountry "BRA"]
[SourceTitle "Mega2024 Update 01"]
[Source "Chessbase"]
[SourceDate "2023.11.12"]
[SourceVersion "1"]
[SourceVersionDate "2023.11.12"]
[SourceQuality "1"]

1. e4 e5 2. Nf3 Nc6 3. Nc3 d6 4. Bc4 Bg4 5. d3 Nf6 6. 0-0 Be7 7. Bg5 0-0 8. h3 Bh5 9. Qd2 Bxf3 10. gxf3 Nd4 11. Kg2 Ne6 12. Be3 Nh5 13. Ne2 Qd7 14. Rg1 Kh8 15. Kh2 f6 16. d4 c6 17. f4 Nexf4 1/2-1/2

[Event "Porto Alegre op"]
[Site "Porto Alegre"]
[Date "2023.05.07"]
[Round "5"]
[White "Dos Santos, Guilherme Fortes"]
[Black "Pereira, Marcelo Do Carmo"]
[Result "0-1"]
[WhiteElo "1736"]
[BlackElo "1758"]
[PlyCount "102"]
[EventDate "2023.05.05"]
[EventType "swiss"]
[EventRounds "7"]
[EventCountry "BRA"]
[SourceTitle "CBM 214 Extra"]
[Source "ChessBase"]
[SourceDate "2023.07.31"]
[SourceVersion "1"]
[SourceVersionDate "2023.07.31"]
[SourceQuality "1"]

1. d4 Nf6 2. c4 e6 3. Nc3 d5 4. Bg5 Be7 5. e3 Nbd7 6. c5 b6 7. b4 a5 8. a3 bxc5 9. bxc5 0-0 10. Nf3 Ba6 11. Bxa6 Rxa6 12. 0-0 h6 13. Bh4 Ne4 14. Bxe7 Qxe7 15. Nxe4 dxe4 16. Nd2 e5 17. Qe2 Rg6 18. f4 exf3 19. Qxf3 Nf6 20. Nc4 exd4 21. exd4 Rg4 22. Ne5 Re4 23. Rae1 Rxe1 24. Rxe1 Rb8 25. Qc3 Nd5 26. Qf3 Nf6 27. Qc3 Nd5 28. Qg3 Re8 29. Nf3 Qd7 30. Rxe8+ Qxe8 31. Qe5 Qd7 32. Qe1 a4 33. Ne5 Qe6 34. Nf3 Qf5 35. h3 Nf4 36. Qe5 Nxh3+ 37. Kh2 Qxe5+ 38. Nxe5 Nf4 39. Nc4 Ne6 40. Nb2 Nxd4 41. Nxa4 Nb5 42. Nb6 cxb6 43. cxb6 Nd6 44. Kg3 Kf8 45. a4 Nb7 46. Kf4 Ke7 47. Ke5 Kd7 48. Kd5 h5 49. g3 g5 50. Ke5 f6+ 51. Kf5 Kc6 0-1

[Event "Porto Alegre op"]
[Site "Porto Alegre"]
[Date "2023.05.06"]
[Round "3"]
[White "Dos Santos, Guilherme Fortes"]
[Black "Machado, Jonas Roberto"]
[Result "1-0"]
[WhiteElo "1736"]
[BlackElo "1800"]
[PlyCount "67"]
[EventDate "2023.05.05"]
[EventType "swiss"]
[EventRounds "7"]
[EventCountry "BRA"]
[SourceTitle "CBM 214 Extra"]
[Source "ChessBase"]
[SourceDate "2023.07.31"]
[SourceVersion "1"]
[SourceVersionDate "2023.07.31"]
[SourceQuality "1"]

1. d4 Nf6 2. c4 e6 3. Nc3 d5 4. Bg5 Nbd7 5. c5 Be7 6. e3 Ne4 7. Bxe7 Qxe7 8. Bd3 Ndf6 9. Nge2 c6 10. 0-0 e5 11. Re1 0-0 12. f3 exd4 13. exd4 Nxc3 14. Nxc3 Qd7 15. b4 Nh5 16. Qd2 h6 17. Re5 Nf6 18. Rae1 Re8 19. Bf5 Qd8 20. Bd3 Be6 21. f4 Ng4 22. R5e2 Qh4 23. h3 Nf6 24. a4 Kf8 25. b5 Re7 26. a5 Rae8 27. a6 Bc8 28. Rxe7 Rxe7 29. Rxe7 Kxe7 30. Qe3+ Kf8 31. Qe5 Bxh3 32. axb7 Nd7 33. Qd6+ Kg8 34. b8Q+ 1-0

[Event "Florianopolis op 8th"]
[Site "Florianopolis"]
[Date "2022.01.24"]
[Round "1"]
[White "Dos Santos, Guilherme Fortes"]
[Black "Pichot, Alan"]
[Result "0-1"]
[WhiteElo "1748"]
[BlackElo "2625"]
[PlyCount "60"]
[EventDate "2022.01.24"]
[EventType "swiss"]
[EventRounds "10"]
[EventCountry "BRA"]
[SourceTitle "CBM 206 Extra"]
[Source "ChessBase"]
[SourceDate "2022.03.31"]
[SourceVersion "1"]
[SourceVersionDate "2022.03.31"]
[SourceQuality "1"]

1. d4 Nf6 2. c4 g6 3. Nc3 Bg7 4. e4 d6 5. f4 c5 6. d5 0-0 7. Nf3 e6 8. Bd3 exd5 9. cxd5 b5 10. Nxb5 Nxe4 11. 0-0 Re8 12. Re1 a6 13. Bxe4 axb5 14. Bd2 Nd7 15. Qb3 Nf6 16. Bc2 Rxe1+ 17. Rxe1 Qb6 18. Be3 Bb7 19. Bd3 Bxd5 20. Qxb5 Qxb5 21. Bxb5 Rxa2 22. Bc1 Ne4 23. Ng5 Bd4+ 24. Kf1 Nxg5 25. fxg5 Bxb2 26. Re8+ Kg7 27. Bf4 Bd4 28. Bxd6 Bxg2+ 29. Ke1 Bc3+ 30. Kd1 Rd2+ 0-1

[Event "Florianopolis op 7th"]
[Site "Florianopolis"]
[Date "2021.01.21"]
[Round "5"]
[White "Dos Santos, Guilherme Fortes"]
[Black "Araujo, Everson de Moura"]
[Result "0-1"]
[WhiteElo "1757"]
[BlackElo "1922"]
[PlyCount "66"]
[EventDate "2021.01.18"]
[EventType "swiss"]
[EventRounds "10"]
[EventCountry "BRA"]
[SourceTitle "CBM 200 Extra"]
[Source "ChessBase"]
[SourceDate "2021.03.31"]
[SourceVersion "1"]
[SourceVersionDate "2021.03.31"]
[SourceQuality "1"]

1. d4 d5 2. c4 c6 3. Nc3 a6 4. cxd5 cxd5 5. Bf4 Nf6 6. Nf3 e6 7. e3 Bd6 8. Bg5 Nbd7 9. Bd3 h6 10. Bh4 0-0 11. 0-0 b5 12. a3 Bb7 13. Rc1 Rc8 14. Qe2 Qb6 15. b4 Rfe8 16. Rfd1 Bb8 17. Bb1 Rc6 18. Qd2 Rec8 19. a4 Ne4 20. Nxe4 dxe4 21. a5 Qa7 22. Rxc6 Bxc6 23. Ne5 Nxe5 24. dxe5 Bxe5 25. f3 g5 26. Bf2 exf3 27. e4 Qb7 28. gxf3 Qe7 29. Be3 Qf6 30. Kg2 Qg6 31. Rg1 Qh5 32. h3 f5 33. exf5 Qxf3# 0-1

[Event "Florianopolis op 6th"]
[Site "Florianopolis"]
[Date "2020.01.25"]
[Round "9"]
[White "Dos Santos, Guilherme Fortes"]
[Black "Bastos, Guilherme Exterhott"]
[Result "1-0"]
[WhiteElo "1698"]
[BlackElo "1937"]
[PlyCount "67"]
[EventDate "2020.01.20"]
[EventType "swiss"]
[EventRounds "10"]
[EventCountry "BRA"]
[SourceTitle "CBM 194 Extra"]
[Source "ChessBase"]
[SourceDate "2020.03.31"]
[SourceVersion "1"]
[SourceVersionDate "2020.03.31"]
[SourceQuality "1"]

1. d4 d5 2. c4 Bf5 3. Nc3 e6 4. Nf3 c6 5. a3 Nf6 6. Bg5 Nbd7 7. c5 Qc7 8. e3 e5 9. b4 exd4 10. Bf4 Qd8 11. Nxd4 Bg6 12. Be2 Be7 13. 0-0 0-0 14. Rc1 a6 15. a4 Ne4 16. Nxe4 Bxe4 17. b5 axb5 18. axb5 Qc8 19. Nb3 Ra3 20. f3 Bg6 21. Bd6 Bxd6 22. cxd6 Re8 23. bxc6 bxc6 24. Bb5 Rxe3 25. Rxc6 Qb7 26. Nd4 Red3 27. Bxd3 Rxd3 28. Qa1 Rxd4 29. Rc7 Qb6 30. Rc8+ Nf8 31. d7 Rd1+ 32. Kh1 Rxa1 33. Rxa1 Qd4 34. Rxf8+ 1-0

[Event "Florianopolis op 6th"]
[Site "Florianopolis"]
[Date "2020.01.25"]
[Round "8"]
[White "Mendes Domingues, Ribeiro Matheus"]
[Black "Dos Santos, Guilherme Fortes"]
[Result "1-0"]
[WhiteElo "2139"]
[BlackElo "1698"]
[PlyCount "47"]
[EventDate "2020.01.20"]
[EventType "swiss"]
[EventRounds "10"]
[EventCountry "BRA"]
[SourceTitle "CBM 194 Extra"]
[Source "ChessBase"]
[SourceDate "2020.03.31"]
[SourceVersion "1"]
[SourceVersionDate "2020.03.31"]
[SourceQuality "1"]

1. c4 c6 2. Nf3 d5 3. e3 Nf6 4. Nc3 Bf5 5. cxd5 cxd5 6. Qb3 Qb6 7. Nxd5 Qxb3 8. Nxf6+ exf6 9. axb3 Bb4 10. Nd4 Bg6 11. Bb5+ Ke7 12. 0-0 Nd7 13. f4 f5 14. Nc2 Bd6 15. d4 Rhc8 16. Bd3 f6 17. Bd2 Bf7 18. Bxf5 Bxb3 19. Rfc1 g6 20. Be4 Rc7 21. Nb4 Rxc1+ 22. Rxc1 Rb8 23. Bd5 Bxb4 24. Bxb4+ 1-0

[Event "Florianopolis op 6th"]
[Site "Florianopolis"]
[Date "2020.01.21"]
[Round "2"]
[White "Dos Santos, Guilherme Fortes"]
[Black "Araujo, Everson de Moura"]
[Result "1/2-1/2"]
[WhiteElo "1698"]
[BlackElo "1958"]
[PlyCount "48"]
[EventDate "2020.01.20"]
[EventType "swiss"]
[EventRounds "10"]
[EventCountry "BRA"]
[SourceTitle "CBM 194 Extra"]
[Source "ChessBase"]
[SourceDate "2020.03.31"]
[SourceVersion "1"]
[SourceVersionDate "2020.03.31"]
[SourceQuality "1"]

1. d4 d5 2. c4 c6 3. Nc3 Nf6 4. Bg5 Nbd7 5. e3 e6 6. Nf3 h6 7. Bh4 Be7 8. Be2 0-0 9. c5 b6 10. b4 a5 11. a3 Re8 12. 0-0 Nf8 13. Ne5 Bb7 14. b5 bxc5 15. bxc6 Ba6 16. Bb5 Ne4 17. Bxe7 Qxe7 18. Bxa6 Rxa6 19. Qc2 Rb6 20. Na4 Rb4 21. f3 f6 22. fxe4 fxe5 23. Nxc5 Rb6 24. exd5 exd5 1/2-1/2

[Event "Porto Alegre Metropole op 2nd"]
[Site "Porto Alegre"]
[Date "2019.08.03"]
[Round "3"]
[White "Da Silva, Joao Carlos Orguim"]
[Black "Dos Santos, Guilherme Fortes"]
[Result "0-1"]
[WhiteElo "1793"]
[BlackElo "1682"]
[PlyCount "124"]
[EventDate "2019.08.02"]
[EventType "swiss"]
[EventRounds "5"]
[EventCountry "BRA"]
[SourceTitle "EXT 2020"]
[Source "ChessBase"]
[SourceDate "2019.10.17"]
[SourceVersion "1"]
[SourceVersionDate "2019.10.17"]
[SourceQuality "1"]

1. e4 e5 2. c4 Nc6 3. g3 Bc5 4. Bg2 d6 5. Ne2 Bg4 6. f3 Be6 7. b3 Nd4 8. Nxd4 Bxd4 9. Nc3 Ne7 10. Bb2 Nc6 11. Na4 0-0 12. Bxd4 Nxd4 13. 0-0 f5 14. d3 fxe4 15. dxe4 Qg5 16. Qd3 c5 17. Nc3 Rf6 18. Ne2 Raf8 19. Rf2 h5 20. Nxd4 cxd4 21. Raf1 h4 22. g4 Rf4 23. h3 R4f7 24. Qd2 Qxd2 25. Rxd2 Rc7 26. f4 Bd7 27. f5 b5 28. Rc1 Rfc8 29. Bf1 Bc6 30. Bd3 Be8 31. Rdc2 bxc4 32. Rxc4 Rxc4 33. Rxc4 Rxc4 34. Bxc4+ Kf8 35. Kf2 Ke7 36. g5 Bc6 37. Kf3 Bb7 38. Bd3 d5 39. exd5 Bxd5+ 40. Be4 Kd6 41. g6 Bg8 42. Ke2 a5 43. Kd3 Ke7 44. Bc6 Kf6 45. Ke4 d3 46. Bb5 d2 47. Be2 a4 48. Bd1 Bxb3 49. axb3 a3 50. Ke3 a2 51. Kxd2 a1Q 52. Bc2 Qd4+ 53. Ke2 e4 54. b4 Kxf5 55. b5 Kf4 56. b6 Qxb6 57. Kf1 Qxg6 58. Bd1 Qg3 59. Bg4 e3 60. Ke2 Qf2+ 61. Kd3 Qd2+ 62. Kc4 e2 0-1

[Event "Porto Alegre Metropole-ch"]
[Site "Porto Alegre"]
[Date "2018.12.01"]
[Round "3"]
[White "Dos Santos, Guilherme Fortes"]
[Black "Da Silva, Anderson Batista Br"]
[Result "0-1"]
[WhiteElo "1706"]
[BlackElo "1531"]
[PlyCount "110"]
[EventDate "2018.11.30"]
[EventType "swiss"]
[EventRounds "5"]
[EventCountry "BRA"]
[SourceTitle "CBM 187 Extra"]
[Source "ChessBase"]
[SourceDate "2018.11.04"]
[SourceVersion "1"]
[SourceVersionDate "2018.11.04"]
[SourceQuality "1"]

1. d4 Nf6 2. c4 e6 3. Nc3 Bb4 4. Bg5 h6 5. Bxf6 Qxf6 6. a3 Bxc3+ 7. bxc3 c5 8. e3 Nc6 9. Nf3 0-0 10. Be2 d6 11. 0-0 Rd8 12. Rb1 b6 13. Qc2 Ba6 14. Rfd1 Na5 15. Nd2 Rac8 16. Qa4 d5 17. Rbc1 e5 18. Bf1 Qd6 19. cxd5 Bxf1 20. Nxf1 cxd4 21. cxd4 Qxd5 22. Rxc8 Rxc8 23. dxe5 Qxe5 24. Qd7 Qc7 25. Qf5 Rd8 26. Rd3 Rxd3 27. Qxd3 Nb7 28. h3 Nc5 29. Qc3 Qd7 30. Ng3 Qd1+ 31. Kh2 Qd6 32. f4 g6 33. h4 Qe7 34. Kh3 Qe6+ 35. Kh2 Qg4 36. Qe5 Qxh4+ 37. Kg1 Qxg3 38. Qe8+ Kg7 39. Qe5+ Kf8 40. Qb8+ Ke7 41. Qe5+ Ne6 42. Qc3 a5 43. Kf1 h5 44. Qe5 Qg4 45. Qd5 Qf5 46. Qb7+ Kf8 47. Qxb6 Qc5 48. Qb8+ Kg7 49. Qb2+ Kh7 50. Qf6 Qxe3 51. Qxf7+ Kh6 52. Qe8 Qxf4+ 53. Kg1 Qe4 54. Qh8+ Kg5 55. Qc3 Qd4+ 0-1

[Event "Porto Alegre Metropole op"]
[Site "Porto Alegre"]
[Date "2018.05.06"]
[Round "5"]
[White "Dos Santos, Guilherme Fortes"]
[Black "Oliveira, Danyel Angelo Aquin"]
[Result "0-1"]
[WhiteElo "1734"]
[BlackElo "1762"]
[PlyCount "31"]
[EventDate "2018.05.04"]
[EventType "swiss"]
[EventRounds "5"]
[EventCountry "BRA"]
[SourceTitle "CBM 184 Extra"]
[Source "ChessBase"]
[SourceDate "2018.06.28"]
[SourceVersion "1"]
[SourceVersionDate "2018.06.28"]
[SourceQuality "1"]

1. d4 Nf6 2. Nf3 c5 3. d5 b5 4. c4 g6 5. b3 Bg7 6. Bb2 bxc4 7. bxc4 d6 8. Nbd2 Nbd7 9. e4 0-0 10. Bd3 Rb8 11. Qc2 Rxb2 12. Qxb2 Nxe4 13. Qc1 Bxa1 14. Nxe4 Qa5+ 15. Ned2 Qc3 16. 0-0 0-1

[Event "Porto Alegre op"]
[Site "Porto Alegre"]
[Date "2017.11.25"]
[Round "2"]
[White "Fonseca, Luis Ernesto Serra"]
[Black "Dos Santos, Guilherme Fortes"]
[Result "1-0"]
[WhiteElo "1993"]
[BlackElo "1745"]
[PlyCount "81"]
[EventDate "2017.11.24"]
[EventType "swiss"]
[EventRounds "5"]
[EventCountry "BRA"]
[SourceTitle "CBM 181 Extra"]
[Source "ChessBase"]
[SourceDate "2017.12.12"]
[SourceVersion "1"]
[SourceVersionDate "2017.12.12"]
[SourceQuality "1"]

1. e4 e5 2. Nf3 Nf6 3. Nxe5 Qe7 4. d4 d6 5. Nf3 Qxe4+ 6. Be2 Be7 7. Nc3 Qg4 8. 0-0 0-0 9. Re1 Qd7 10. Bg5 Re8 11. Bc4 Nc6 12. d5 Ne5 13. Nxe5 dxe5 14. Rxe5 Ng4 15. Rxe7 Rxe7 16. Bxe7 Qxe7 17. Qe1 Ne5 18. Qe3 Qd6 19. Bb3 Bd7 20. Ne4 Qb4 21. c3 Qb5 22. d6 Re8 23. dxc7 Ng4 24. Qf4 Re7 25. Rd1 h6 26. h3 Ne5 27. Ba4 Qxa4 28. Nf6+ gxf6 29. c8Q+ Bxc8 30. Qxa4 Nc6 31. Rd3 Kh7 32. Re3 Be6 33. g4 Rd7 34. Qf4 Kg6 35. Rf3 Rd1+ 36. Kh2 Nd8 37. Qxf6+ Kh7 38. Rf4 Bd5 39. Qxd8 Rh1+ 40. Kg3 Rg1+ 41. Kh4 1-0

[Event "Porto Alegre Oncosinos op"]
[Site "Porto Alegre"]
[Date "2016.11.26"]
[Round "2"]
[White "Spritzer, Abrao Rafael"]
[Black "Dos Santos, Guilherme Fortes"]
[Result "1-0"]
[WhiteElo "1970"]
[BlackElo "1726"]
[PlyCount "73"]
[EventDate "2016.11.25"]
[EventType "swiss"]
[EventRounds "5"]
[EventCountry "BRA"]
[SourceTitle "CBM 175 Extra"]
[Source "ChessBase"]
[SourceDate "2016.12.12"]
[SourceVersion "1"]
[SourceVersionDate "2016.12.12"]
[SourceQuality "1"]

1. e4 e5 2. Nf3 d6 3. d4 exd4 4. Nxd4 Nc6 5. Nc3 Nf6 6. Bc4 Be7 7. a4 0-0 8. Bb3 Re8 9. 0-0 h6 10. Re1 Bf8 11. h3 g6 12. Nxc6 bxc6 13. Qf3 Bg7 14. Bf4 Re7 15. Bxh6 Bxh6 16. Qxf6 Qe8 17. Qxg6+ Bg7 18. Qg3 d5 19. f3 d4 20. Ne2 c5 21. Nf4 Re5 22. Ng6 c4 23. Bxc4 Rc5 24. Bb3 Rb8 25. Nf4 Qe5 26. Kh2 Ba6 27. Rad1 Kf8 28. Nd3 Bxd3 29. Rxd3 Qe7 30. f4 Rb6 31. e5 Rg6 32. Qf3 c6 33. Kh1 Qh4 34. Re4 Rh6 35. Rdxd4 f5 36. exf6 Bxf6 37. Rd7 1-0

[Event "Porto Alegre Oncosinos op"]
[Site "Porto Alegre"]
[Date "2016.11.25"]
[Round "1"]
[White "Dos Santos, Guilherme Fortes"]
[Black "Da Silva Borges, Rodrigo"]
[Result "0-1"]
[WhiteElo "1726"]
[BlackElo "2258"]
[PlyCount "62"]
[EventDate "2016.11.25"]
[EventType "swiss"]
[EventRounds "5"]
[EventCountry "BRA"]
[SourceTitle "CBM 175 Extra"]
[Source "ChessBase"]
[SourceDate "2016.12.12"]
[SourceVersion "1"]
[SourceVersionDate "2016.12.12"]
[SourceQuality "1"]

1. d4 d5 2. c4 e6 3. Nc3 Bb4 4. e3 Nf6 5. Nf3 0-0 6. Bd2 c5 7. a3 Bxc3 8. bxc3 Nc6 9. Bd3 dxc4 10. Bxc4 Qc7 11. Qc2 e5 12. Bd3 Re8 13. Ng5 h6 14. Ne4 Nxe4 15. Bxe4 exd4 16. cxd4 cxd4 17. 0-0 Be6 18. exd4 Rad8 19. Bxc6 bxc6 20. Qa4 Rd5 21. Rfe1 Red8 22. Be3 Rh5 23. g3 Bd5 24. Qd1 g6 25. Qg4 Be6 26. Qf4 Qd7 27. f3 Bd5 28. g4 Rh3 29. Rf1 Re8 30. Kg2 g5 31. Qf6 Qxg4+ 0-1

[Event "Porto Alegre IRT U2200 2nd"]
[Site "Porto Alegre"]
[Date "2016.09.03"]
[Round "2.10"]
[White "Dos Santos, Guilherme Fortes"]
[Black "Dalla Valle, Andre"]
[Result "1-0"]
[WhiteElo "1748"]
[BlackElo "1800"]
[PlyCount "91"]
[EventDate "2016.09.03"]
[EventType "swiss"]
[EventRounds "5"]
[EventCountry "BRA"]
[SourceTitle "EXT 2022"]
[Source "ChessBase"]
[SourceDate "2021.10.06"]
[SourceVersion "1"]
[SourceVersionDate "2021.10.06"]
[SourceQuality "1"]

1. d4 d5 2. c4 e6 3. Nc3 Nf6 4. Bg5 Be7 5. e3 0-0 6. Nf3 c6 7. Be2 h6 8. Bh4 Ne8 9. Bxe7 Qxe7 10. c5 Nd7 11. 0-0 e5 12. b4 a6 13. a4 e4 14. Nd2 f5 15. Qb3 Ndf6 16. Rfe1 Nc7 17. f3 Be6 18. fxe4 fxe4 19. b5 axb5 20. axb5 Rxa1 21. Rxa1 Ng4 22. Bxg4 Bxg4 23. bxc6 bxc6 24. Ncxe4 Kh8 25. Ng3 Ne6 26. h3 Qh4 27. Ndf1 Be2 28. Qc2 Bxf1 29. Nxf1 Ng5 30. Ra2 Ne4 31. Qc1 Qf6 32. Qe1 Nc3 33. Rf2 Qxf2+ 34. Qxf2 Rxf2 35. Kxf2 g6 36. Nd2 Kg7 37. Nb3 Ne4+ 38. Ke2 Ng3+ 39. Kf3 Nf5 40. e4 dxe4+ 41. Kxe4 Kf7 42. Na5 Ne7 43. Ke5 h5 44. g4 hxg4 45. hxg4 Ke8 46. Kd6 1-0

[Event "Porto Alegre Gaucho op"]
[Site "Porto Alegre"]
[Date "2015.11.01"]
[Round "4"]
[White "De Mello, Joao Luiz"]
[Black "Dos Santos, Guilherme Fortes"]
[Result "0-1"]
[WhiteElo "1687"]
[BlackElo "1752"]
[PlyCount "56"]
[EventDate "2015.10.31"]
[EventType "swiss"]
[EventRounds "6"]
[EventCountry "BRA"]
[SourceTitle "CBM 169 Extra"]
[Source "ChessBase"]
[SourceDate "2015.12.18"]
[SourceVersion "1"]
[SourceVersionDate "2015.12.18"]
[SourceQuality "1"]

1. d4 d5 2. c4 c6 3. Nc3 Nf6 4. Nf3 e6 5. Bg5 Be7 6. e3 Nbd7 7. Bd3 b6 8. 0-0 Bb7 9. Rc1 0-0 10. cxd5 cxd5 11. Bf4 a6 12. Qe2 b5 13. h3 Qb6 14. Rc2 Rfc8 15. Rfc1 Qd8 16. Ne5 Nb6 17. b3 Ba3 18. Rb1 Ne4 19. Bxe4 dxe4 20. Qg4 Qe7 21. Qe2 Nd5 22. Nxd5 Bxd5 23. Rd1 Rxc2 24. Qxc2 f6 25. Ng4 Qd7 26. Qe2 Rc8 27. f3 Qc6 28. Nf2 exf3 0-1

[Event "Porto Alegre Oncolinos op"]
[Site "Porto Alegre"]
[Date "2013.11.17"]
[Round "7"]
[White "Dos Santos, Guilherme Fortes"]
[Black "Nissen, Tchandra"]
[Result "1-0"]
[WhiteElo "1800"]
[BlackElo "1762"]
[PlyCount "111"]
[EventDate "2013.11.14"]
[EventType "swiss"]
[EventRounds "7"]
[EventCountry "BRA"]
[SourceTitle "EXT 2015"]
[Source "ChessBase"]
[SourceDate "2014.11.20"]
[SourceVersion "1"]
[SourceVersionDate "2014.11.20"]
[SourceQuality "1"]

1. e4 e5 2. Nf3 d6 3. Nc3 Nf6 4. Bc4 h6 5. d3 Be7 6. h3 0-0 7. g4 Nc6 8. Ne2 Re8 9. 0-0 Bf8 10. Ng3 Be6 11. Bb3 Bxb3 12. axb3 Qd7 13. Nh4 Ne7 14. Nhf5 Rad8 15. Rxa7 c6 16. Be3 Nxf5 17. Nxf5 Ra8 18. Qa1 Qc8 19. Qa2 Rxa7 20. Qxa7 Qa8 21. Ra1 Qxa7 22. Rxa7 Rb8 23. Bb6 Ne8 24. Ne3 Be7 25. Nc4 Bd8 26. Bxd8 Rxd8 27. Rxb7 Rc8 28. Rd7 Rc7 29. Rd8 Kf8 30. Nxd6 Re7 31. Rxe8+ Rxe8 32. Nxe8 Kxe8 33. b4 Kd7 34. c4 Kc7 35. Kg2 Kb6 36. Kg3 c5 37. b5 f6 38. f4 Ka5 39. fxe5 fxe5 40. h4 g6 41. Kf3 g5 42. h5 Kb6 43. Ke2 Ka5 44. Kd2 Kb6 45. Kc3 Ka5 46. Kb3 Kb6 47. Ka4 Ka7 48. Ka5 Ka8 49. Kb6 Kb8 50. Kxc5 Kb7 51. Kd5 Kc7 52. c5 Kb7 53. b6 Kb8 54. c6 Kc8 55. Kd6 Kd8 56. b7 1-0

[Event "Porto Alegre Oncolinos op"]
[Site "Porto Alegre"]
[Date "2013.11.15"]
[Round "3"]
[White "Dos Santos, Guilherme Fortes"]
[Black "Bidigaray, Marcio"]
[Result "0-1"]
[WhiteElo "1800"]
[BlackElo "1680"]
[PlyCount "68"]
[EventDate "2013.11.14"]
[EventType "swiss"]
[EventRounds "7"]
[EventCountry "BRA"]
[SourceTitle "EXT 2015"]
[Source "ChessBase"]
[SourceDate "2014.11.20"]
[SourceVersion "1"]
[SourceVersionDate "2014.11.20"]
[SourceQuality "1"]

1. d4 c5 2. c3 cxd4 3. cxd4 Nf6 4. Nc3 g6 5. Nf3 Bg7 6. Bf4 d6 7. e3 Nh5 8. Bg3 Nxg3 9. hxg3 a6 10. Bd3 e6 11. Qc2 b5 12. Rc1 Nc6 13. Nxb5 Nb4 14. Nc7+ Kf8 15. Qc4 Nxd3+ 16. Qxd3 Ra7 17. Qc3 Ke7 18. Qc6 Bd7 19. Qb6 Ra8 20. Kd2 Rb8 21. Qxa6 Rxb2+ 22. Rc2 Rxc2+ 23. Kxc2 Qxc7+ 24. Kd2 Qc6 25. Qd3 Ra8 26. a3 h6 27. Rb1 Qd5 28. Rb2 Qa5+ 29. Ke2 Qxa3 30. Rb3 Qa2+ 31. Kf1 Rc8 32. Ne1 Qa1 33. Rb1 Qc3 34. Qa6 Qc4+ 0-1